000
00276nam a22001217a 4500
008
181217b xxu||||| |||| 00| 0 eng d
041
_a
eng
080
_a
371
100
_a
46
101
_a
EDU
245
_a
Synonymus, Antonyms & Prepositions
_c
Fernald, J.C
942
_2
udc
_c
BK
999
_c
53291
_d
53291